| 000 | 01323nam0a2200301 4500 | ||
|---|---|---|---|
| 001 | RU\NLR\bibl\853501 | ||
| 005 | 20260407113825.0 | ||
| 010 |
_a5-276-00640-7 _9200 |
||
| 021 |
_aRU _b2005-25665 _91295 |
||
| 035 | _a(NLR Aleph) 000842235 | ||
| 090 |
_a1427743 _c1427743 |
||
| 100 | _a20051013d2005 |||y0rusy50 ca | ||
| 101 | 0 | _arus | |
| 102 | _aRU | ||
| 105 | _ay ||||||||| | ||
| 200 | 1 |
_aВиртуальные мехатронные системы _eучебно-методическое пособие _fФедерал. агентство по образованию, Моск. гос. индустр. ун-т _g[Головин В.Ф. и [др.] |
|
| 210 |
_aМосква _cМГИУ _d2005 |
||
| 215 |
_a23 с. _d21 |
||
| 320 | _aБиблиогр.: с. 13 (10 назв.) | ||
| 606 | 1 |
_aМехатронные системы _jУчебно-методические пособия _xКомпьютерное моделирование _92396366 _3RU\NLR\auth\661428745 |
|
| 686 | _aЗ26-01с116я73-1 | ||
| 702 | 1 |
_aГоловин _bВ. Ф. _4220 |
|
| 712 | 0 | 2 |
_4570 _aМосковский государственный индустриальный университет _9384448 _3RU\NLR\AUTH\889944629 |
| 801 | 0 |
_aRU _bNLR _c20051013 _grcr |
|
| 801 | 1 |
_aRU _bNLR _c20051013 |
|
| 942 | _cBOOK | ||
| 980 | _aNB | ||